000 00346nam a2200121Ia 4500
008 150509s9999 xx 000 0 und d
082 _aREF 378.10025 COM
245 _aCommonwealth Universities Yearbook
260 _aLondon:
260 _bThe Association of Commonwealth Universities
260 _c1913
500 _aFor holdings see serial register
999 _c1758
_d1758